[Event "XII. DBMM Schach"]
[Site "Berlin"]
[Date "2012.10.11"]
[Round "1.3"]
[White "Abraham, Helmut"]
[Black "Werner, Gregor"]
[Result "0-1"]
[WhiteElo "1481"]
[BlackElo "2172"]
[Annotator "br"]
[PlyCount "60"]
[EventDate "2012.??.??"]
[Source "FV Schach e.V."]
[SourceDate "2012.10.14"]
[WhiteTeam "Bayer Berlin"]
[BlackTeam "R+V Vers. Wiesbaden"]
[WhiteTeamCountry "GER"]
[BlackTeamCountry "GER"]

1. e4 d6 2. d4 Nf6 3. Nc3 g6 4. Be2 Bg7 5. f4 O-O 6. Nf3 c5 7. O-O cxd4 8. Nxd4
Nc6 9. Nf3 Qb6+ 10. Kh1 Bg4 11. Rb1 Rad8 12. Qe1 d5 13. e5 Ne4 14. Na4 Qc7 15.
Bd3 f6 16. Bxe4 dxe4 17. Qxe4 fxe5 18. Nc5 Bxf3 19. Qxf3 Nd4 20. Qc3 exf4 21.
Ne4 Qe5 22. Qc4+ Kh8 23. Nc3 f3 24. g3 Ne2 25. Nxe2 Qxe2 26. Qxe2 fxe2 27.
Rxf8+ Rxf8 28. Bf4 e5 29. Re1 exf4 30. Rxe2 f3 0-1

[Event "XII. DBMM Schach"]
[Site "Berlin"]
[Date "2012.10.11"]
[Round "1.4"]
[White "Schmitt, Carsten"]
[Black "Harre, Michael"]
[Result "1-0"]
[WhiteElo "2001"]
[BlackElo "1409"]
[Annotator "br"]
[PlyCount "79"]
[EventDate "2012.??.??"]
[Source "FV Schach e.V."]
[SourceDate "2012.10.14"]
[WhiteTeam "R+V Vers. Wiesbaden"]
[BlackTeam "Bayer Berlin"]
[WhiteTeamCountry "GER"]
[BlackTeamCountry "GER"]

1. c4 e5 2. g3 d6 3. Bg2 Nf6 4. Nc3 c6 5. d4 Be7 6. dxe5 dxe5 7. Qxd8+ Bxd8 8.
Nf3 Bc7 9. O-O O-O 10. Rd1 Be6 11. b3 h6 12. Ne1 Nbd7 13. Nd3 Rfe8 14. Na4 Rab8
15. Nac5 Nxc5 16. Nxc5 Bb6 17. Nxe6 Rxe6 18. h3 Rd8 19. Rxd8+ Bxd8 20. Be3 a6
21. Rd1 Bc7 22. Bc5 b6 23. Be3 c5 24. Kf1 Kf8 25. Ke1 a5 26. Rb1 Ke7 27. Kd2
Rd6+ 28. Kc2 g5 29. Rh1 e4 30. h4 Re6 31. hxg5 hxg5 32. Bxg5 Re5 33. Bf4 Ng4
34. Bxe5 Bxe5 35. Bxe4 Nxf2 36. Rh5 Bxg3 37. Bf3 f6 38. Kd2 Be5 39. e3 Ke6 40.
Ke2 1-0

[Event "XII. DBMM Schach"]
[Site "Berlin"]
[Date "2012.10.11"]
[Round "1.1"]
[White "Schuetze, Norman"]
[Black "Uhlarz, Joerg"]
[Result "1-0"]
[WhiteElo "2255"]
[BlackElo "1780"]
[Annotator "br"]
[PlyCount "75"]
[EventDate "2012.??.??"]
[Source "FV Schach e.V."]
[SourceDate "2012.10.14"]
[WhiteTeam "Emco GmbH Leipzig"]
[BlackTeam "W&W Wuestenrot&Württemb. Stuttg."]
[WhiteTeamCountry "GER"]
[BlackTeamCountry "GER"]

1. d4 f5 2. c4 Nf6 3. Nc3 e6 4. g3 d5 5. Bg2 c6 6. Nh3 Be7 7. O-O O-O 8. f3
dxc4 9. e4 Nbd7 10. Qe2 b5 11. exf5 Nb6 12. fxe6 b4 13. Ne4 a5 14. Rd1 h6 15.
Nf4 Qe8 16. Bh3 g5 17. Ng2 Qg6 18. Nxf6+ Rxf6 19. f4 Ba6 20. fxg5 hxg5 21. Qg4
Raf8 22. Bxg5 c3 23. Bxf6 Qxg4 24. Bxg4 Rxf6 25. bxc3 bxc3 26. Nf4 Bb5 27. Rac1
Ba4 28. Rxc3 Bxd1 29. Bxd1 Rxf4 30. gxf4 Kg7 31. Rxc6 Nd5 32. Bf3 Nb4 33. Rc7
Kf6 34. d5 Nxa2 35. Kg2 a4 36. Rd7 a3 37. d6 Bf8 38. e7 1-0

[Event "XII. DBMM Schach"]
[Site "Berlin"]
[Date "2012.10.11"]
[Round "1.2"]
[White "Liebersbach, Siegmund"]
[Black "Beltz, Franziska"]
[Result "0-1"]
[WhiteElo "1726"]
[BlackElo "2125"]
[Annotator "br"]
[PlyCount "112"]
[EventDate "2012.??.??"]
[Source "FV Schach e.V."]
[SourceDate "2012.10.14"]
[WhiteTeam "W&W Wuestenrot&Württemb. Stuttg."]
[BlackTeam "Emco GmbH Leipzig"]
[WhiteTeamCountry "GER"]
[BlackTeamCountry "GER"]

1. e4 c5 2. Nf3 d6 3. d4 cxd4 4. Nxd4 Nf6 5. Nc3 a6 6. Be2 e6 7. O-O b5 8. a3
Bb7 9. f3 Nbd7 10. Be3 Be7 11. Qe1 O-O 12. Qg3 Re8 13. Rae1 Rc8 14. Kh1 Qc7 15.
Bd3 Ne5 16. f4 Nc4 17. Bxc4 Qxc4 18. e5 Nd7 19. f5 dxe5 20. fxe6 fxe6 21. Nf3
Rf8 22. Bh6 Bf6 23. Nd2 Qh4 24. Be3 Qxg3 25. hxg3 Be7 26. Rxf8+ Rxf8 27. Nce4
h6 28. Kg1 Bd5 29. Bf2 Rc8 30. c3 Nf6 31. Bb6 Kf7 32. Nf2 Bd6 33. Nde4 Be7 34.
Nd2 $11 Nh5 35. g4 Nf4 36. g3 Ng6 37. Nfe4 Nf8 38. Rf1+ Ke8 39. Be3 Nd7 40. Re1
Kf7 41. Bf2 Nf6 42. g5 Nxe4 43. Nxe4 Bxe4 44. Rxe4 Bxg5 45. Rxe5 Rd8 46. Re2
Rd2 47. Rxd2 Bxd2 48. Bd4 Bc1 49. c4 bxc4 50. Kf2 Bg5 51. Kf3 Bf6 52. Ke4 Ke7
53. a4 Kd6 54. g4 Bxd4 55. Kxd4 g6 56. Kxc4 h5 0-1

[Event "XII. DBMM Schach"]
[Site "Berlin"]
[Date "2012.10.11"]
[Round "1.3"]
[White "Beltz, Robert"]
[Black "Nitsch, Norbert"]
[Result "1-0"]
[WhiteElo "2105"]
[BlackElo "1708"]
[Annotator "br"]
[PlyCount "75"]
[EventDate "2012.??.??"]
[Source "FV Schach e.V."]
[SourceDate "2012.10.14"]
[WhiteTeam "Emco GmbH Leipzig"]
[BlackTeam "W&W Wuestenrot&Württemb. Stuttg."]
[WhiteTeamCountry "GER"]
[BlackTeamCountry "GER"]

1. Nf3 c5 2. c4 Nc6 3. d4 cxd4 4. Nxd4 g6 5. Nc3 Bg7 6. Nc2 Nf6 7. e4 d6 8. Be2
O-O 9. Be3 b6 10. O-O Bb7 11. f3 Rc8 12. Rc1 Qd7 13. Qd2 Rfd8 14. Rfd1 Qe8 15.
Qe1 Ne5 16. b3 Ned7 17. Nd4 Ne5 18. a4 Nfd7 19. Nd5 Bxd5 20. cxd5 Nc5 21. Bb5
Qf8 22. Qe2 Ra8 23. b4 a6 24. bxc5 axb5 25. cxd6 bxa4 26. dxe7 Qxe7 27. f4 Nd7
28. e5 Nxe5 29. fxe5 Rxd5 30. Nc6 Rxd1+ 31. Rxd1 Qe8 32. Qb5 a3 33. Bxb6 Rb8
34. Qc4 a2 35. Nxb8 Qxb8 36. Bd4 Bxe5 37. Bxe5 Qxe5 38. Qxa2 1-0

[Event "XII. DBMM Schach"]
[Site "Berlin"]
[Date "2012.10.11"]
[Round "1.4"]
[White "Peck, Malcolm"]
[Black "Beltz, Martina"]
[Result "0-1"]
[WhiteElo "1694"]
[BlackElo "2097"]
[Annotator "br"]
[PlyCount "72"]
[EventDate "2012.??.??"]
[Source "FV Schach e.V."]
[SourceDate "2012.10.14"]
[WhiteTeam "W&W Wuestenrot&Württemb. Stuttg."]
[BlackTeam "Emco GmbH Leipzig"]
[WhiteTeamCountry "GER"]
[BlackTeamCountry "GER"]

1. d4 d5 2. Nf3 e6 3. e3 f5 4. Ne5 Nf6 5. Be2 Bd6 6. f4 O-O 7. Nd2 Nbd7 8. a3
Ne4 9. Nxe4 fxe4 10. c4 c6 11. Bd2 Qf6 12. Bg4 Nxe5 13. dxe5 Bxe5 14. Rc1 Bxb2
15. Rc2 Bxa3 16. Bc3 Qe7 17. O-O Bd7 18. Qd2 Bc5 19. Kh1 Rad8 20. Be2 b5 21.
cxb5 cxb5 22. Ra1 Rc8 23. Rca2 Rc7 24. Be5 Rb7 25. Ra6 Rc8 26. f5 Bb6 27. Rf1
exf5 28. Qxd5+ Be6 29. Qxb5 Rc2 30. Bd6 Qd7 31. Qb4 Rxe2 32. Qxe4 Rxe3 33. Qf4
Qb5 34. Raa1 Rd7 35. Rad1 h6 36. Qh4 Rxd6 0-1

[Event "XII. DBMM Schach"]
[Site "Berlin"]
[Date "2012.10.11"]
[Round "1.1"]
[White "Aab, Manfred"]
[Black "Schulz, Michael"]
[Result "0-1"]
[WhiteElo "1802"]
[BlackElo "2239"]
[Annotator "br"]
[PlyCount "38"]
[EventDate "2012.??.??"]
[Source "FV Schach e.V."]
[SourceDate "2012.10.14"]
[WhiteTeam "SG Stern Stuttgart II"]
[BlackTeam "SV OSRAM Berlin"]
[WhiteTeamCountry "GER"]
[BlackTeamCountry "GER"]

1. d4 Nf6 2. c4 c5 3. Nf3 cxd4 4. Nxd4 e5 5. Nb5 d5 6. cxd5 Bc5 7. N5c3 O-O 8.
g3 Bf5 9. Bg2 e4 10. O-O h6 11. e3 Re8 12. Qb3 Na6 13. a3 Qd7 14. Rd1 Bg4 15.
Rd2 Bh3 16. Qc2 Bxg2 17. Kxg2 Re5 18. b4 Rh5 19. Nxe4 Qh3+ 0-1

[Event "XII. DBMM Schach"]
[Site "Berlin"]
[Date "2012.10.11"]
[Round "1.2"]
[White "Hintze, Peter"]
[Black "Ordu, Armin"]
[Result "1-0"]
[WhiteElo "2076"]
[BlackElo "1801"]
[Annotator "br"]
[PlyCount "71"]
[EventDate "2012.??.??"]
[Source "FV Schach e.V."]
[SourceDate "2012.10.14"]
[WhiteTeam "SV OSRAM Berlin"]
[BlackTeam "SG Stern Stuttgart II"]
[WhiteTeamCountry "GER"]
[BlackTeamCountry "GER"]

1. e4 e5 2. Nf3 Nc6 3. c3 d6 4. d4 exd4 5. cxd4 Be7 6. Nc3 Nf6 7. h3 O-O 8. Bd3
h6 9. O-O Nb4 10. Bb1 c5 11. Be3 b6 12. a3 Nc6 13. Qc2 Nxd4 14. Nxd4 cxd4 15.
Bxd4 g6 16. Ba2 Kh7 17. Rad1 Be6 18. Bb1 Rc8 19. f4 d5 20. f5 Bd7 21. Qd2 dxe4
22. Bxf6 Bc5+ 23. Kh1 Qxf6 24. fxg6+ Qxg6 25. Bxe4 f5 26. Qxd7+ Qg7 27. Bxf5+
Kh8 28. Qxg7+ Kxg7 29. Bxc8 Rxc8 30. Rd7+ Kg6 31. Ne4 Be3 32. Rf6+ Kh5 33. Rd5+
Kh4 34. Kh2 Rc2 35. Rff5 Bg5 36. Nxg5 1-0

[Event "XII. DBMM Schach"]
[Site "Berlin"]
[Date "2012.10.11"]
[Round "1.3"]
[White "Balija, Cerim"]
[Black "Rath, Alina"]
[Result "0-1"]
[WhiteElo "1576"]
[BlackElo "2023"]
[Annotator "br"]
[PlyCount "82"]
[EventDate "2012.??.??"]
[Source "FV Schach e.V."]
[SourceDate "2012.10.14"]
[WhiteTeam "SG Stern Stuttgart II"]
[BlackTeam "SV OSRAM Berlin"]
[WhiteTeamCountry "GER"]
[BlackTeamCountry "GER"]

1. e4 c5 2. Nf3 Nc6 3. c3 d5 4. exd5 Qxd5 5. Na3 Bg4 6. Be2 Nf6 7. Nb5 Rc8 8.
c4 Qd8 9. d3 a6 10. Nc3 e6 11. Bg5 Be7 12. O-O O-O 13. Ne4 Bf5 14. Ng3 Bg6 15.
Nh4 Nd4 16. Nxg6 hxg6 17. Bf3 Qb6 18. b3 Rfd8 19. Re1 Rd7 20. Be3 Nxf3+ 21.
gxf3 Rcd8 22. Qd2 Rxd3 23. Qe2 Qc6 24. Kg2 Ng4 25. Ne4 Nxe3+ 26. fxe3 f5 27.
Nf2 Rd2 28. Qf1 Bh4 29. Re2 g5 30. Rd1 Rxd1 31. Nxd1 g4 32. Nc3 Rd3 33. Na4 Bf6
34. Kg3 Qd6+ 35. f4 b5 36. Qg2 bxa4 37. Qa8+ Bd8 38. bxa4 g5 39. Kg2 gxf4 40.
exf4 Qxf4 41. Rf2 Qd6 0-1

[Event "XII. DBMM Schach"]
[Site "Berlin"]
[Date "2012.10.11"]
[Round "1.1"]
[White "Segerberg, Tomas"]
[Black "Vollbrecht, Lars"]
[Result "1-0"]
[WhiteElo "2038"]
[BlackElo "1838"]
[Annotator "br"]
[PlyCount "101"]
[EventDate "2012.??.??"]
[Source "FV Schach e.V."]
[SourceDate "2012.10.14"]
[WhiteTeam "Europ. Patentamt MUC"]
[BlackTeam "Deutsche Telekom Berlin"]
[WhiteTeamCountry "GER"]
[BlackTeamCountry "GER"]

1. e4 e5 2. Nf3 d6 3. d4 exd4 4. Nxd4 Nf6 5. Bd3 Bd7 6. O-O Nc6 7. c3 Be7 8. f3
O-O 9. Be3 Re8 10. Bf2 Ne5 11. c4 Nxd3 12. Qxd3 Nh5 13. Nc3 g6 14. Rad1 a6 15.
Nd5 Bf8 16. Ne2 Bg7 17. b3 Be6 18. a4 Bxd5 19. Qxd5 Rb8 20. Qd3 Bf6 21. Qc2 Qc8
22. Rd3 Be5 23. Rfd1 Nf4 24. Nxf4 Bxf4 25. c5 dxc5 26. Qxc5 Bd6 27. Qc3 Qe6 28.
Bd4 Be5 29. Bxe5 Qxe5 30. Qxe5 Rxe5 31. Rd7 b5 32. Rxc7 bxa4 33. bxa4 Ra5 34.
Rd4 Rb1+ 35. Kf2 Rb2+ 36. Kg3 Rg5+ 37. Kf4 Rgxg2 38. Rd8+ Kg7 39. Rdd7 Rxh2 40.
Rxf7+ Kg8 41. Rfd7 Rb8 42. Rc6 a5 43. Rc5 Rh1 44. Rxa5 Rf8+ 45. Kg3 Rf1 46. Rd3
Rf7 47. Ra3 h5 48. Rd5 Kg7 49. a5 Kh6 50. a6 h4+ 51. Kg2 1-0

[Event "XII. DBMM Schach"]
[Site "Berlin"]
[Date "2012.10.11"]
[Round "1.2"]
[White "Piotrowski, Roger"]
[Black "Domingo, Miguel"]
[Result "0-1"]
[WhiteElo "1741"]
[BlackElo "2184"]
[Annotator "br"]
[PlyCount "72"]
[EventDate "2012.??.??"]
[Source "FV Schach e.V."]
[SourceDate "2012.10.14"]
[WhiteTeam "Deutsche Telekom Berlin"]
[BlackTeam "Europ. Patentamt MUC"]
[WhiteTeamCountry "GER"]
[BlackTeamCountry "GER"]

1. d4 Nf6 2. c4 c5 3. Nf3 cxd4 4. Nxd4 e5 5. Nc2 d5 6. e3 Nc6 7. Nc3 Be6 8.
cxd5 Nxd5 9. Bd2 Qb6 10. Be2 Rd8 11. Qc1 f5 12. O-O Be7 13. Kh1 O-O 14. f4 Bf6
15. Na4 Qc7 16. Nc5 Bc8 17. Bc4 Kh8 18. e4 fxe4 19. Nxe4 Nxf4 20. Bxf4 exf4 21.
Rxf4 Be5 22. Rxf8+ Rxf8 23. g3 Bg4 24. Bf1 Bf3+ 25. Bg2 Qf7 26. Ne3 Bxg2+ 27.
Nxg2 Bxb2 28. Ng5 Qf6 29. Nxh7 Kxh7 30. Qc2+ Kh8 31. Rg1 Bd4 32. Nf4 Bxg1 33.
Ng6+ Kg8 34. Nxf8 Bb6 35. Qh7+ Kxf8 36. Qh8+ Ke7 0-1

[Event "XII. DBMM Schach"]
[Site "Berlin"]
[Date "2012.10.11"]
[Round "1.3"]
[White "Heer, Stephan"]
[Black "Norris, Ray"]
[Result "1-0"]
[WhiteElo "2054"]
[BlackElo "1669"]
[Annotator "br"]
[PlyCount "61"]
[EventDate "2012.??.??"]
[Source "FV Schach e.V."]
[SourceDate "2012.10.14"]
[WhiteTeam "Europ. Patentamt MUC"]
[BlackTeam "Deutsche Telekom Berlin"]
[WhiteTeamCountry "GER"]
[BlackTeamCountry "GER"]

1. d4 Nf6 2. c4 g6 3. Nc3 Bg7 4. e4 d6 5. f3 O-O 6. Be3 Nbd7 7. Qd2 Re8 8. Nge2
c5 9. O-O-O Qa5 10. Kb1 a6 11. g4 b5 12. Ng3 Nb6 13. dxc5 dxc5 14. g5 Nfd7 15.
Nd5 Qxd2 16. Rxd2 Nxd5 17. cxd5 Bb7 18. Be2 Rac8 19. Rc1 Rc7 20. f4 c4 21. e5
f6 22. gxf6 exf6 23. e6 Bf8 24. d6 Rxe6 25. dxc7 Bc8 26. Rcd1 Re7 27. Bg1 Bh6
28. Rd4 Bg7 29. Bf3 Nf8 30. Rd8 Rxc7 31. Bb6 1-0

[Event "XII. DBMM Schach"]
[Site "Berlin"]
[Date "2012.10.11"]
[Round "1.4"]
[White "Kleinwaechter, Manfred"]
[Black "Jachs, Walter"]
[Result "1/2-1/2"]
[WhiteElo "1586"]
[BlackElo "2066"]
[Annotator "br"]
[PlyCount "64"]
[EventDate "2012.??.??"]
[Source "FV Schach e.V."]
[SourceDate "2012.10.14"]
[WhiteTeam "Deutsche Telekom Berlin"]
[BlackTeam "Europ. Patentamt MUC"]
[WhiteTeamCountry "GER"]
[BlackTeamCountry "GER"]

1. e4 d6 2. d4 Nf6 3. Nc3 g6 4. Nf3 Bg7 5. Be2 O-O 6. O-O Bg4 7. Bf4 Nc6 8. h3
Bxf3 9. Bxf3 Nd7 10. Ne2 e5 11. dxe5 dxe5 12. Be3 Nb6 13. c3 Nc4 14. Qc1 Nxe3
15. Qxe3 Qe7 16. Rad1 Rfd8 17. Nc1 Bf6 18. Nb3 b6 19. Qe2 Rxd1 20. Rxd1 Rd8 21.
Rxd8+ $11 Nxd8 22. Qd3 c6 23. Bg4 h5 24. Be2 Ne6 25. g3 Ng5 26. Kg2 Qe6 27. h4
Nh7 28. Qf3 Nf8 29. Qe3 Kh7 30. Qd2 a5 31. Qe3 a4 32. Nc1 b5 1/2-1/2

[Event "XII. DBMM Schach"]
[Site "Berlin"]
[Date "2012.10.11"]
[Round "1.2"]
[White "Tyrtania, Maximilian"]
[Black "Oberpriller, Josef"]
[Result "1-0"]
[WhiteElo "2251"]
[BlackElo "1932"]
[Annotator "br"]
[PlyCount "111"]
[EventDate "2012.??.??"]
[Source "FV Schach e.V."]
[SourceDate "2012.10.14"]
[WhiteTeam "SG Bund Berlin"]
[BlackTeam "Europ. Patentamt MUC II"]
[WhiteTeamCountry "GER"]
[BlackTeamCountry "GER"]

1. d4 f5 2. g3 e6 3. Bg2 d5 4. Nf3 Be7 5. c4 c6 6. O-O Nf6 7. b3 O-O 8. Ba3 Ne4
9. Qc1 Nd7 10. e3 Rf6 11. Bxe7 Qxe7 12. Qa3 Qxa3 13. Nxa3 Kf8 14. b4 a6 15.
Rfc1 Ke7 16. Bf1 Rf8 17. Nc2 Nb6 18. Nce1 Bd7 19. c5 Na4 20. Ne5 Rab8 21. Rc2
Be8 22. Rac1 g5 23. f3 Nf6 24. Bd3 Nd7 25. Nxd7 Bxd7 26. e4 h6 27. Re2 Kf6 28.
Bb1 b6 29. cxb6 Nxb6 30. Nd3 Nc4 31. Ne5 Nxe5 32. dxe5+ Ke7 33. exf5 Rxb4 34.
f6+ Kf7 35. Bd3 a5 36. Kg2 a4 37. Rf2 Rfb8 38. f4 Rb2 39. Rcc2 a3 40. fxg5 hxg5
41. h4 Rxc2 42. Rxc2 gxh4 43. gxh4 Rb2 44. h5 Kg8 45. h6 Rxc2+ 46. Bxc2 Be8 47.
Kf2 c5 48. Ke2 Bh5+ 49. Kd2 d4 50. Bd3 Be8 51. Ke2 Bh5+ 52. Kf2 Be8 53. Kg3 Bh5
54. Kh4 Be8 55. Kg5 Bf7 56. Bg6 1-0

[Event "XII. DBMM Schach"]
[Site "Berlin"]
[Date "2012.10.11"]
[Round "1.3"]
[White "Santos, Paulo"]
[Black "Koloss, Hans Joachim"]
[Result "1-0"]
[WhiteElo "1866"]
[BlackElo "1952"]
[Annotator "br"]
[PlyCount "71"]
[EventDate "2012.??.??"]
[Source "FV Schach e.V."]
[SourceDate "2012.10.14"]
[WhiteTeam "Europ. Patentamt MUC II"]
[BlackTeam "SG Bund Berlin"]
[WhiteTeamCountry "GER"]
[BlackTeamCountry "GER"]

1. e4 c5 2. Nc3 Nc6 3. g3 d6 4. Bg2 g6 5. d3 Bg7 6. f4 e6 7. Nf3 Nge7 8. O-O
O-O 9. Be3 Bd7 10. d4 cxd4 11. Nxd4 Nxd4 12. Bxd4 Bc6 13. Bxg7 Kxg7 14. Qd4+
Kg8 15. Rad1 Nc8 16. f5 Qb6 17. Qxb6 axb6 18. fxe6 fxe6 19. Bh3 Bd7 20. e5
Rxf1+ 21. Rxf1 b5 22. a3 Kg7 23. exd6 Nxd6 24. Rd1 Ra6 25. Ne4 Nxe4 26. Rxd7+
Kf6 27. Rxb7 Rd6 28. Kf1 Rd2 29. Rxb5 Rxc2 30. a4 Nc5 31. a5 Ke7 32. b4 Nd7 33.
Bg2 Rc7 34. Be4 Kd6 35. Ke2 Rc2+ 36. Bxc2 1-0

[Event "XII. DBMM Schach"]
[Site "Berlin"]
[Date "2012.10.11"]
[Round "1.4"]
[White "Haseloff, Harald"]
[Black "Tokic, Branko"]
[Result "0-1"]
[WhiteElo "2145"]
[BlackElo "1681"]
[Annotator "br"]
[PlyCount "72"]
[EventDate "2012.??.??"]
[Source "FV Schach e.V."]
[SourceDate "2012.10.14"]
[WhiteTeam "SG Bund Berlin"]
[BlackTeam "Europ. Patentamt MUC II"]
[WhiteTeamCountry "GER"]
[BlackTeamCountry "GER"]

1. e4 e6 2. d4 d5 3. Nd2 Nc6 4. c3 dxe4 5. Nxe4 Nf6 6. Nxf6+ Qxf6 7. Nf3 h6 8.
h4 g6 9. g4 Bg7 10. g5 Qe7 11. Bg2 h5 12. O-O O-O 13. Bf4 a5 14. Re1 Qd8 15.
Qd2 Ne7 16. Rac1 c6 17. Be5 Nf5 18. Bh3 Qd5 19. Bxf5 exf5 20. Bxg7 Qxf3 21. Re3
Qg4+ 22. Rg3 Qxh4 23. Bxf8 Kxf8 24. Re1 Be6 25. Rg2 Bd5 26. Rh2 Qg4+ 27. Kf1
Bc4+ 28. Re2 Re8 29. f4 Rxe2 30. Rxe2 Qf3+ 31. Ke1 Qh1+ 32. Kf2 Qh2+ 33. Kf1
Bxe2+ 34. Qxe2 Qxf4+ 35. Ke1 Qxg5 36. Kd1 Qg4 0-1

[Event "XII. DBMM Schach"]
[Site "Berlin"]
[Date "2012.10.11"]
[Round "1.2"]
[White "Major, Vitalij"]
[Black "Sagol, Buelent Erol"]
[Result "1-0"]
[WhiteElo "2076"]
[BlackElo "1541"]
[Annotator "br"]
[PlyCount "57"]
[EventDate "2012.??.??"]
[Source "FV Schach e.V."]
[SourceDate "2012.10.14"]
[WhiteTeam "SV Senat Berlin II"]
[BlackTeam "Team DBMM Berlin"]
[WhiteTeamCountry "GER"]
[BlackTeamCountry "GER"]

1. d4 d5 2. Nf3 Nf6 3. c4 c6 4. Nc3 Bf5 5. e3 e6 6. a3 Be7 7. h3 Nbd7 8. Be2
O-O 9. O-O Bd6 10. b4 b6 11. Bb2 Rc8 12. Qb3 Bb8 13. b5 Qc7 14. bxc6 Be4 15.
Rfc1 Bxf3 16. Bxf3 Qxc6 17. cxd5 exd5 18. Nxd5 Qd6 19. g3 Nxd5 20. Qxd5 Qe7 21.
e4 Rcd8 22. Qb3 Kh8 23. e5 f5 24. Re1 Bc7 25. Kg2 g5 26. Rac1 Bb8 27. Qc4 Qg7
28. e6 Nf6 29. e7 1-0

[Event "XII. DBMM Schach"]
[Site "Berlin"]
[Date "2012.10.11"]
[Round "1.4"]
[White "Guenther, Thomas"]
[Black "Schoeppe, Christian"]
[Result "0-1"]
[WhiteElo "1961"]
[BlackElo "1580"]
[Annotator "br"]
[PlyCount "68"]
[EventDate "2012.??.??"]
[Source "FV Schach e.V."]
[SourceDate "2012.10.14"]
[WhiteTeam "SV Senat Berlin II"]
[BlackTeam "Team DBMM Berlin"]
[WhiteTeamCountry "GER"]
[BlackTeamCountry "GER"]

1. d4 d5 2. Nf3 Nf6 3. c4 e6 4. Nc3 Be7 5. e3 O-O 6. Bd3 c5 7. cxd5 exd5 8. h3
Nc6 9. O-O Be6 10. Bd2 Qc8 11. dxc5 Bxc5 12. Nb5 h6 13. Rc1 Be7 14. Nfd4 Bd7
15. Qf3 a6 16. Nxc6 bxc6 17. Nd4 Re8 18. b4 Qb7 $11 19. Rb1 Nh7 20. Rfc1 Ng5
21. Qh5 Ne4 22. Be1 Nd6 23. Nb3 Ne4 24. Bxe4 dxe4 25. Nc5 Bxc5 26. bxc5 Qc7 27.
Qd1 Re6 28. Qd4 Rg6 29. Kh1 Re8 30. Rd1 Bc8 31. Qc3 Qe7 32. Rb8 Kh7 33. Qb2 Qg5
34. g3 Qh5 0-1

[Event "XII. DBMM Schach"]
[Site "Berlin"]
[Date "2012.10.11"]
[Round "1.2"]
[White "Britze, Jan"]
[Black "Hedden, Helge"]
[Result "0-1"]
[WhiteElo "1742"]
[BlackElo "2073"]
[Annotator "br"]
[PlyCount "66"]
[EventDate "2012.??.??"]
[Source "FV Schach e.V."]
[SourceDate "2012.10.14"]
[WhiteTeam "RBB Berlin"]
[BlackTeam "Baubehoerde Hamburg"]
[WhiteTeamCountry "GER"]
[BlackTeamCountry "GER"]

1. e4 e6 2. d4 d5 3. Bf4 Nf6 4. e5 Nfd7 5. Bd3 c5 6. c3 Nc6 7. Ne2 f6 8. Ng3 g6
9. exf6 Qxf6 10. Qg4 cxd4 11. O-O a6 12. Bg5 Qf7 13. cxd4 Bg7 14. Be3 e5 15.
dxe5 Ndxe5 16. Qe2 O-O 17. Nd2 Nxd3 18. Qxd3 Bxb2 19. Nf3 Ne5 20. Nxe5 Bxe5 21.
f4 Bxa1 22. Rxa1 Bf5 23. Qb3 d4 24. Qxf7+ Rxf7 25. Bxd4 Rd8 26. Be5 Rfd7 27.
Kf2 Rd1 28. Rxd1 Rxd1 29. a3 Rd2+ 30. Kf3 Rd3+ 31. Kf2 Rxa3 32. Ne2 Ra2 33. Kf3
Bg4+ 0-1

[Event "XII. DBMM Schach"]
[Site "Berlin"]
[Date "2012.10.11"]
[Round "1.3"]
[White "Hein, Ralf"]
[Black "Schastok, Erwin"]
[Result "0-1"]
[WhiteElo "2194"]
[BlackElo "1667"]
[Annotator "br"]
[PlyCount "88"]
[EventDate "2012.??.??"]
[Source "FV Schach e.V."]
[SourceDate "2012.10.14"]
[WhiteTeam "Baubehoerde Hamburg"]
[BlackTeam "RBB Berlin"]
[WhiteTeamCountry "GER"]
[BlackTeamCountry "GER"]

1. e4 d6 2. d4 e6 3. Bd3 Nc6 4. c3 Be7 5. f4 Nf6 6. Nf3 a6 7. O-O b5 8. b4 Bb7
9. Qc2 Rc8 10. a4 Na7 11. e5 Nd7 12. axb5 Nxb5 13. c4 Na7 14. b5 c5 15. Be3
cxd4 16. Bxd4 Nxb5 17. Be3 Bxf3 18. Rxf3 dxe5 19. Qa4 Nc5 20. Bxc5 Bxc5+ 21.
Kh1 O-O 22. cxb5 axb5 23. Qc2 f5 24. Bxb5 Qd4 25. Nc3 e4 26. Rh3 Bb4 27. Rd1
Qb6 28. Bd7 Rc7 29. Qb3 Qc5 30. Bxe6+ Kh8 31. Ne2 Qe7 32. g3 Rf6 33. Nd4 Rc3
34. Qd5 Rd3 35. Rc1 Bc3 36. Bxf5 g6 37. Nc6 Qa3 38. Rxh7+ Kxh7 39. Bxg6+ Rxg6
40. Qf7+ Bg7 41. Re1 Qc3 42. Ne5 Qxe1+ 43. Kg2 Qe2+ 44. Kh3 Rh6+ 0-1

[Event "XII. DBMM Schach"]
[Site "Berlin"]
[Date "2012.10.11"]
[Round "1.4"]
[White "Kersten, Martin"]
[Black "Albrecht, Norbert"]
[Result "0-1"]
[WhiteElo "1760"]
[BlackElo "1856"]
[Annotator "br"]
[PlyCount "84"]
[EventDate "2012.??.??"]
[Source "FV Schach e.V."]
[SourceDate "2012.10.14"]
[WhiteTeam "RBB Berlin"]
[BlackTeam "Baubehoerde Hamburg"]
[WhiteTeamCountry "GER"]
[BlackTeamCountry "GER"]

1. e4 c5 2. Nf3 Nc6 3. d4 cxd4 4. Nxd4 g6 5. Be3 Bg7 6. Nc3 Qa5 7. Nxc6 Bxc3+
8. bxc3 Qxc3+ 9. Bd2 Qxc6 10. Bd3 Nf6 11. Qe2 O-O 12. O-O d6 13. h3 Be6 14. f4
Rac8 15. f5 Bc4 16. Bh6 Rfe8 17. fxg6 hxg6 18. e5 Bxd3 19. cxd3 Qc5+ 20. Kh1
Qxe5 21. Qf2 Qh5 22. Be3 b6 23. Rae1 Rf8 24. Bd4 Ng4 25. Qe2 e5 26. Bb2 Nh6 27.
Qxh5 gxh5 28. Rf6 Kg7 29. Rxd6 f6 30. Rf1 Rcd8 31. Rfxf6 Rxf6 32. Rxd8 Rf1+ 33.
Kh2 Nf7 34. Rd7 Kg6 35. Rxa7 Rd1 36. Ra6 Rxd3 37. Rxb6+ Kf5 38. a4 Rd2 39. a5
h4 40. a6 Ng5 41. Kg1 Ne4 42. a7 Rd1+ 0-1

[Event "XII. DBMM Schach"]
[Site "Berlin"]
[Date "2012.10.11"]
[Round "1.1"]
[White "Lehmann, Michael"]
[Black "Gempe, Thomas"]
[Result "0-1"]
[WhiteElo "1663"]
[BlackElo "2270"]
[Annotator "br"]
[PlyCount "66"]
[EventDate "2012.??.??"]
[Source "FV Schach e.V."]
[SourceDate "2012.10.14"]
[WhiteTeam "BA Berlin Tempelhof III"]
[BlackTeam "ADAC Muenchen"]
[WhiteTeamCountry "GER"]
[BlackTeamCountry "GER"]

1. c4 Nf6 2. Nc3 g6 3. g3 Bg7 4. Bg2 O-O 5. e4 d6 6. h3 Nc6 7. Nge2 a6 8. O-O
Rb8 9. d3 b5 10. f4 Bd7 11. g4 Na5 12. cxb5 axb5 13. Ng3 b4 14. Nce2 Bb5 15.
Rb1 Nd7 16. d4 c5 17. b3 cxd4 18. Kh2 d3 19. Ng1 d2 20. Bb2 Bxf1 21. Qxf1 Bc3
22. N1e2 Qc7 23. a3 Bxb2 24. Rxb2 bxa3 25. Rxd2 Nxb3 26. Ra2 Qc5 27. Qd1 Rfc8
28. e5 Nc1 29. Nxc1 Qxc1 30. Qa4 Nc5 31. Qd4 Ne6 32. Qa7 Qxf4 33. exd6 Rb3 0-1

[Event "XII. DBMM Schach"]
[Site "Berlin"]
[Date "2012.10.11"]
[Round "1.2"]
[White "Haas, Peter"]
[Black "Koerting, Klaus"]
[Result "1-0"]
[WhiteElo "2074"]
[BlackElo "1643"]
[Annotator "br"]
[PlyCount "51"]
[EventDate "2012.??.??"]
[Source "FV Schach e.V."]
[SourceDate "2012.10.14"]
[WhiteTeam "ADAC Muenchen"]
[BlackTeam "BA Berlin Tempelhof III"]
[WhiteTeamCountry "GER"]
[BlackTeamCountry "GER"]

1. d4 f5 2. g3 Nf6 3. Bg2 e6 4. Nf3 Be7 5. O-O O-O 6. c4 c6 7. b3 d5 8. Ba3 Na6
9. Bxe7 Qxe7 10. Qc2 Bd7 11. Nbd2 Ne4 12. Ne5 Rad8 13. a3 Nc7 14. b4 Ne8 15.
Nb3 N8f6 16. f3 Ng5 17. Na5 dxc4 18. Nxb7 Rb8 19. Nc5 Nf7 20. Ncxd7 Nxe5 21.
Nxe5 Qd6 22. Qxc4 Rfd8 23. e3 Rbc8 24. Rfe1 Nd5 25. Kh1 Kh8 26. Nf7+ 1-0